| 000 | 00410pab a2200157 454500 | ||
|---|---|---|---|
| 008 | 180718b2006 xxu||||| |||| 00| 0 eng d | ||
| 100 | _aChomsisengphet, Souphala | ||
| 245 | _aBankruptcy exemptions, credit history, and the mortgage market | ||
| 260 | _c2006 | ||
| 300 | _ap.171-88, | ||
| 362 | _aJan | ||
| 650 | _aCredit | ||
| 700 | _aElul, Ronel | ||
| 773 | _aJournal of Urban Economics | ||
| 909 | _a68751 | ||
| 999 |
_c68751 _d68751 |
||